000
00281nam a22001097a 4500
041
_a
ENG
100
_a
Rashid M.H
245
_a
Power Electronics Circuits Devices And Applications
_c
2 Ed
260
_a
Delhi
_b
Prentice Hall of India
_c
2000
650
_a
EOES
856
_u
EOES ( 39 )
999
_c
1286
_d
1286